İmparatorluk çökerken İstanbul'da bir Yahudi ailesi (Record no. 10863)

MARC details
000 -BAŞLIK
Sabit Uzunlukta Kontrol Alanı 00729na a2200241 4500
001 - KONTROL NUMARASI
Denetim Alanı 24502
003 - KONTROL NUMARASI IDENTIFIER
Denetim Alanı MIRAKIL
005 - SON İŞLEM TARİHİ VE ZAMANI
Denetim Alanı 20181213155335.0
008 - SABİT-BOY VERİ ELEMANLARI - GENEL BİLGİLER
Sabit Uzunlukta Kontrol Alanı 181122b tu 000 0
020 ## - ULUSLARARASI STANDART KİTAP NUMARASI
Uluslararası Standart Kitap Numarası 9751021561
040 ## - KATALOGLAMA KAYNAK
Orijinal Kataloglama Ajansı Milas
Kataloglama Dili tur
Metne Dönüştürmek Ajansı TR-AnCHP
041 ## - DİL KODU
Metin / Ses Parça Veya Ayrı Başlığın Dil Kodu tur
082 ## - DEWEY ONLU SINIFLANDIRMA NUMARASI
Sınıflandırma Numarası 843.914
Ürün Numarası P37i 2005
090 ## - SINIFLAMA NUMARASI
Sınıflama Numarası 843.914 P37i 2005
100 ## - ANA GİRİŞ - KİŞİSEL İSİM
Kişisel Ad Peskine, Brigitte
245 ## - BAŞLIK TABLOSU
Başlık İmparatorluk çökerken İstanbul'da bir Yahudi ailesi
Sorumluluk Tablosu, Vb Brigitte Peskine ; çeviren Ela Güntekin
260 ## - YAYIN, DAĞITIM, VB
Yayın, Dağıtım, Vb Yeri İstanbul
Yayıncı, Dağıtıcı, Vs Adı İnkılap Kitabevi
Yayın, Dağıtım, Vb Tarihi 2005
300 ## - FİZİKSEL TANIM
Kapsam 424 s.
Boyutlar 19 sm.
500 ## - GENEL NOT
Genel Not Özgün yapıt adı: Les eaux douces d'Europe
650 ## - KONU KATMA GİRİŞ - TOPİKAL DÖNEM
Topikal Süreli Veya Coğrafi Ad Giriş Elemanı Fransız Edebiyatı
Genel Alt Bölümü Roman
700 ## - KATMA GİRİŞ - KİŞİSEL İSİM
Kişisel Ad Güntekin, Ela
Relator Terim çev.
942 ## - EKLENDİ GİRİŞ ELEMANLARI (KOHA)
Sınıflandırma Veya Raf Düzeni Kaynak
Koha Öğesi Türü Books
999 ## - SİSTEM KONTROL NUMARALARI (KOHA)
Koha Biblionumber 10863
Koha Biblioitemnumber 10863
Holdings
Kalıcı Konum Mevcut Konum Edinme Tarihi Edinim Kaynak Toplam Check-Out'Lar Tam Çağrı Numarası Barkod Tarih Son Görülme İtibaren Geçerli Fiyatlar Sigara Kamu Notu Koha Öğesi Türü
CHP Kütüphanesi CHP Kütüphanesi 11/22/2018 Bağış   843.914 P37i 2005 018439 11/22/2018 11/22/2018 Bağışlayan: Ertuğrul Çepni Books